Art, books, and children : art and literature in the classroom
Αποθηκεύτηκε σε:
| Κύριος συγγραφέας: | |
|---|---|
| Άλλοι συγγραφείς: | |
| Μορφή: | Βιβλίο |
| Γλώσσα: | English |
| Δημοσίευση: |
Melbourne :
MacMillan Education,
1994.
|
| Θέματα: | |
| Ετικέτες: |
Προσθήκη ετικέτας
Δεν υπάρχουν, Καταχωρήστε ετικέτα πρώτοι!
|
MARC
| LEADER | 00000cam a2200000 i 4500 | ||
|---|---|---|---|
| 001 | 1/16858 | ||
| 008 | 010206s1994 at | ||| |||| ||eng|| | ||
| 020 | |a 0732926467 | ||
| 035 | |l 10065927 | ||
| 040 | |a GR-MY-UA |b gre |e aacr | ||
| 041 | 0 | |a eng | |
| 082 | 0 | |a 372.5044 |2 (22) | |
| 100 | 1 | |a Depree, Helen. | |
| 245 | 1 | 0 | |a Art, books, and children : |b art and literature in the classroom / |c Helen Depree, Lola Mackinnon. |
| 260 | |a Melbourne : |b MacMillan Education, |c 1994. | ||
| 300 | |a 64 σ. : |b εικ. ; |c 29 εκ. | ||
| 650 | 0 | 0 | |a Art |x Study and teaching (Primary) |
| 650 | 0 | 0 | |a Children's literature |x Study and teaching (Primary) |
| 650 | 0 | 0 | |a Interdisciplinary approach in education. |
| 700 | 0 | |a MacKinnon, Lola. | |
| 852 | |a INST |b RHODES |e 20010206 |h 372.5044 DEP |p 005400017333 |q 005400017333 |t BK |y 0 | ||
| 901 | |a BIBL4-2001-1 | ||
| 909 | |a Ρ |b 084255 | ||
| 922 | |a 4ΕΛΗ |b 200012 |c ΚΠΣ/154 | ||
| 950 | |a 154-1999-01-25 | ||
| 970 | |a ΧΟΡΟΖΙΔΟΥ |b ΤΖΕΝΗ |z 2001/02/06 | ||